[Event "Crema op 11th"]
[Site "Crema"]
[Date "2009.09.06"]
[Round "6"]
[White "Bongiorni, Gabriele"]
[Black "Pagano, Davide"]
[Result "1-0"]
[WhiteElo "1792"]
[BlackElo "1563"]
[PlyCount "96"]
[EventDate "2009.09.04"]
[EventType "swiss"]
[EventRounds "6"]
[EventCountry "ITA"]
[SourceTitle "EXT 2011"]
[Source "ChessBase"]
[SourceDate "2010.11.26"]
[SourceVersion "1"]
[SourceVersionDate "2010.11.26"]
[SourceQuality "1"]

1. d4 Nf6 2. Nf3 g6 3. c4 Bg7 4. Nc3 0-0 5. e4 d6 6. Be2 e5 7. dxe5 dxe5 8. Qxd8 Rxd8 9. Bg5 Re8 10. 0-0-0 h6 11. Bxf6 Bxf6 12. Nd5 Bd8 13. h4 c6 14. Ne3 Bf6 15. g4 Bg7 16. Rd2 Na6 17. Rhd1 Be6 18. h5 Nc5 19. Bd3 Nxd3+ 20. Rxd3 g5 21. b3 a5 22. c5 a4 23. Nf5 Bxf5 24. gxf5 axb3 25. axb3 Ra2 26. R3d2 Rea8 27. Rd8+ Rxd8 28. Rxd8+ Kh7 29. Nd2 Ra5 30. b4 Rb5 31. Rd7 f6 32. Nc4 Rxb4 33. Nd6 Rd4 34. Rxb7 Kg8 35. Ne8 Bh8 36. Rb8 Kh7 37. Nd6 Ra4 38. Rb6 Ra1+ 39. Kd2 Ra2+ 40. Ke3 Ra3+ 41. Ke2 Rh3 42. Rxc6 Rxh5 43. Ne8 Rh3 44. Nxf6+ Bxf6 45. Rxf6 Rc3 46. c6 h5 47. Rf7+ Kh6 48. c7 h4 1-0

[Event "Crema op 11th"]
[Site "Crema"]
[Date "2009.09.06"]
[Round "5"]
[White "Pagano, Davide"]
[Black "Biava, Pierluigi"]
[Result "1/2-1/2"]
[WhiteElo "1563"]
[BlackElo "1784"]
[PlyCount "47"]
[EventDate "2009.09.04"]
[EventType "swiss"]
[EventRounds "6"]
[EventCountry "ITA"]
[SourceTitle "EXT 2011"]
[Source "ChessBase"]
[SourceDate "2010.11.26"]
[SourceVersion "1"]
[SourceVersionDate "2010.11.26"]
[SourceQuality "1"]

1. e4 c5 2. Nf3 e6 3. d4 cxd4 4. Nxd4 a6 5. Nc3 Bb4 6. Bd2 Qc7 7. Qg4 g6 8. Bd3 Ne7 9. 0-0 Nbc6 10. Nf3 h5 11. Qg5 d6 12. a3 Bc5 13. Na4 Ba7 14. Bc3 e5 15. Bd2 b5 16. Nc3 Bg4 17. Qf6 0-0-0 18. Nd5 Nxd5 19. exd5 Qe7 20. Bg5 Qxf6 21. Bxf6 Bxf3 22. dxc6 Bxc6 23. Bxd8 Rxd8 24. c4 1/2-1/2

[Event "Crema op 09th"]
[Site "Crema"]
[Date "2007.09.07"]
[Round "1"]
[White "Barrera, Pietro"]
[Black "Pagano, Davide"]
[Result "1-0"]
[WhiteElo "1905"]
[BlackElo "1464"]
[PlyCount "59"]
[EventDate "2007.09.07"]
[EventType "swiss"]
[EventRounds "6"]
[EventCountry "ITA"]
[SourceTitle "EXT 2009"]
[Source "ChessBase"]
[SourceDate "2008.11.26"]
[SourceVersion "1"]
[SourceVersionDate "2008.11.26"]
[SourceQuality "1"]

1. d4 d5 2. Nf3 Nf6 3. Bf4 e6 4. e3 Bd6 5. Bxd6 Qxd6 6. c4 c6 7. Nc3 Nbd7 8. c5 Qe7 9. Be2 e5 10. dxe5 Nxe5 11. Qd4 Nxf3+ 12. Bxf3 0-0 13. 0-0 Bf5 14. Rad1 Rfe8 15. Rd2 Ne4 16. Bxe4 Bxe4 17. Re2 Qe6 18. f3 Bf5 19. Rfe1 Qe5 20. Qb4 Qc7 21. e4 Be6 22. exd5 cxd5 23. Nxd5 Qc6 24. Nc3 Rac8 25. Ne4 Red8 26. Rd2 Rxd2 27. Qxd2 f5 28. Nf2 Bxa2 29. b4 Re8 30. Qxa2+ 1-0

[Event "Crema op 09th"]
[Site "Crema"]
[Date "2007.09.07"]
[Round "2"]
[White "Pagano, Davide"]
[Black "Milanesi, Erminio"]
[Result "0-1"]
[WhiteElo "1464"]
[BlackElo "1862"]
[PlyCount "72"]
[EventDate "2007.09.07"]
[EventType "swiss"]
[EventRounds "6"]
[EventCountry "ITA"]
[SourceTitle "EXT 2009"]
[Source "ChessBase"]
[SourceDate "2008.11.26"]
[SourceVersion "1"]
[SourceVersionDate "2008.11.26"]
[SourceQuality "1"]

1. e4 g6 2. d4 Nh6 3. Nf3 c6 4. Bd3 f6 5. 0-0 Nf7 6. Re1 Bg7 7. Nbd2 0-0 8. Nb3 d6 9. c3 Bg4 10. h3 Bd7 11. Bf4 e5 12. Be3 a5 13. a4 Na6 14. Qd2 Nc7 15. Rad1 Be6 16. Bc2 b5 17. Nc1 Qc8 18. Ne2 d5 19. Ng3 dxe4 20. Bxe4 Nd5 21. h4 Nxe3 22. Rxe3 Bh6 23. Qd3 Bxe3 24. fxe3 f5 25. Bxc6 Bc4 26. Qc2 Qxc6 27. dxe5 bxa4 28. Nd4 Qe8 29. Qf2 Qxe5 30. h5 Rae8 31. e4 f4 32. hxg6 hxg6 33. Nh1 Qxe4 34. Qh4 Bd5 35. Nf3 Qe3+ 36. Nf2 Bxf3 0-1